[Event "OLSW 2122 SK Altenkirchen - SK Frankent"]
[Site "?"]
[Date "2022.05.01"]
[Round "9.6"]
[White "Telke, Holger"]
[Black "Herzel, Dieter"]
[Result "0-1"]
[WhiteElo "2081"]
[BlackElo "2046"]
[PlyCount "49"]
[EventDate "2022.??.??"]

1. d4 f5 2. e4 fxe4 3. Nc3 Nf6 4. Bg5 c6 5. Bxf6 exf6 6. Nxe4 d5 7. Ng3 Bd6 8.
Bd3 Qe7+ 9. Qe2 Qxe2+ 10. N1xe2 Be6 11. Nf5 Bxf5 12. Bxf5 g6 13. Bd3 Nd7 14.
O-O O-O 15. Rae1 Rae8 16. Nc1 Kg7 17. g3 f5 18. f3 Nf6 19. Re2 Rxe2 20. Nxe2
Re8 21. Kf2 b6 22. Re1 c5 23. dxc5 bxc5 24. Nc1 c4 25. Bf1 0-1

[Event "OLSW 2122 SK Altenkirchen - SK Frankent"]
[Site "?"]
[Date "2022.05.01"]
[Round "9.7"]
[White "Maeurer, Fabian"]
[Black "Schmidt, Reiner"]
[Result "1-0"]
[WhiteElo "2004"]
[BlackElo "2087"]
[PlyCount "43"]
[EventDate "2022.??.??"]

1. c4 e5 2. Nc3 Nf6 3. Nf3 Nc6 4. e3 d5 5. cxd5 Nxd5 6. Bb5 f6 7. d4 exd4 8.
exd4 a6 9. Qe2+ Kf7 10. Bc4 Bb4 11. O-O Bxc3 12. bxc3 Re8 13. Ng5+ fxg5 14.
Qh5+ g6 15. Qxh7+ Kf6 16. h4 gxh4 17. Qxh4+ Kg7 18. Bg5 Nce7 19. Qh6+ Kf7 20.
Qh7+ Ke6 21. Rfe1+ Kd6 22. Bxd5 1-0

[Event "OLSW 2122 SK Altenkirchen - SK Frankent"]
[Site "?"]
[Date "2022.05.01"]
[Round "9.8"]
[White "Kaster, Martin"]
[Black "Neb, Roland"]
[Result "0-1"]
[WhiteElo "2041"]
[BlackElo "2180"]
[PlyCount "68"]
[EventDate "2022.??.??"]

1. g3 g6 2. Bg2 Bg7 3. c4 c5 4. Nc3 Nc6 5. Nf3 d6 6. O-O Rb8 7. e3 a6 8. a4 Bf5
9. d3 Nb4 10. e4 Bg4 11. h3 Bxf3 12. Bxf3 e6 13. Bg2 Ne7 14. Be3 O-O 15. Qd2
Nec6 16. Ne2 Ne5 17. Ra3 b5 18. f4 Nexd3 19. Rxd3 Nxd3 20. Qxd3 bxa4 21. Bc1
Bxb2 22. Bxb2 Rxb2 23. f5 exf5 24. exf5 Qg5 25. Rf4 a3 26. fxg6 hxg6 27. h4
Qxf4 28. Nxf4 a2 29. Qxd6 a1=Q+ 30. Kh2 Rxg2+ 31. Kxg2 Qd4 32. Nd5 Kg7 33. h5
Rh8 34. hxg6 Qe4+ 0-1

[Event "OLSW 2122 SK Gau-Algesheim - SV Speyer "]
[Site "?"]
[Date "2022.05.15"]
[Round "3.5"]
[White "Hauck, Heiko"]
[Black "Erlekam, Simon"]
[Result "1-0"]
[WhiteElo "2076"]
[BlackElo "1876"]
[PlyCount "35"]
[EventDate "2022.??.??"]

1. e4 c5 2. Nf3 Nc6 3. d4 cxd4 4. Nxd4 Nf6 5. Nc3 d6 6. Bg5 e5 7. Bxf6 gxf6 8.
Nde2 f5 9. Ng3 fxe4 10. Qh5 Be6 11. O-O-O Qd7 12. Ngxe4 O-O-O 13. Nf6 Qc7 14.
Ncd5 Qa5 15. Bc4 Qc5 16. Qe2 Nd4 17. Qf1 Bg7 18. b4 1-0

[Event "OLSW 2122 SK Gau-Algesheim - SV Speyer "]
[Site "?"]
[Date "2022.05.15"]
[Round "3.7"]
[White "Schreck, Michael"]
[Black "Grieb, Stefan"]
[Result "1/2-1/2"]
[WhiteElo "1754"]
[BlackElo "1894"]
[PlyCount "60"]
[EventDate "2022.??.??"]

1. c4 e5 2. Nc3 Nf6 3. Nf3 Nc6 4. e3 d6 5. d4 Bg4 6. Be2 Be7 7. d5 Nb8 8. h3
Bh5 9. g4 Bg6 10. Qb3 Qc8 11. Nh4 Nbd7 12. Nf5 Nc5 13. Qc2 Bxf5 14. gxf5 g6 15.
b4 Na6 16. Bd3 c5 17. Qa4+ Qd7 18. b5 Nc7 19. Qc2 O-O-O 20. Rb1 Nce8 21. e4 Ng7
22. Be3 Kb8 23. Ne2 Nfh5 24. Kd2 Rde8 25. Ng3 Nf4 26. h4 Qd8 27. Qc3 Bxh4 28.
Bxf4 exf4 29. Qxg7 fxg3 30. fxg3 Qf6 1/2-1/2

[Event "OLSW 2122 SK Gau-Algesheim - SV Speyer "]
[Site "?"]
[Date "2022.05.15"]
[Round "3.3"]
[White "Kraemer, Enrico"]
[Black "Friedrich, Marius"]
[Result "1-0"]
[WhiteElo "2217"]
[BlackElo "2075"]
[PlyCount "65"]
[EventDate "2022.??.??"]

1. d4 d5 2. Nf3 Nf6 3. g3 g6 4. Bg2 Bg7 5. O-O c6 6. c4 O-O 7. b3 a5 8. Nc3 h6
9. Bb2 Be6 10. Ne5 Nbd7 11. cxd5 Nxd5 12. Nxd5 cxd5 13. Qd3 a4 14. Rac1 a3 15.
Bc3 Nxe5 16. dxe5 Rc8 17. f4 Qb6+ 18. Bd4 Qa5 19. Qe3 Rfe8 20. Rc5 Rxc5 21.
Bxc5 Rc8 22. Rc1 Bf8 23. Kf2 Rc6 24. Rc3 Qa6 25. Bf3 Qa5 26. Qc1 f6 27. b4 Qc7
28. b5 Rxc5 29. Rxc5 Qb6 30. Kg2 fxe5 31. Bxd5 exf4 32. Bxe6+ Qxe6 33. Qc4 1-0

[Event "OLSW 2122 SK Gau-Algesheim - SV Speyer "]
[Site "?"]
[Date "2022.05.15"]
[Round "3.4"]
[White "Meng, Gunter"]
[Black "Flierl, Pascal"]
[Result "0-1"]
[WhiteElo "1968"]
[BlackElo "2185"]
[PlyCount "74"]
[EventDate "2022.??.??"]

1. d4 c6 2. Nf3 d5 3. Bf4 Nf6 4. e3 Nh5 5. c3 Nxf4 6. exf4 Qd6 7. g3 Bf5 8. Bd3
Qe6+ 9. Ne5 Bxd3 10. Qxd3 Nd7 11. O-O Nxe5 12. dxe5 g5 13. Qe3 gxf4 14. Qxf4 h5
15. h4 Rg8 16. Kh2 Rg4 17. Qe3 Re4 18. Qd3 Qxe5 19. Kg2 Bh6 20. Nd2 Bxd2 21.
Qxd2 Re2 22. Qd3 O-O-O 23. b4 Rg8 24. Rac1 Rg4 25. Rc2 Rxg3+ 26. Qxg3 Qe4+ 27.
Kg1 Rxc2 28. Qg8+ Kc7 29. Qg3+ e5 30. Kh2 Qe2 31. Qh3 Rxa2 32. Kg2 Qe4+ 33. Qf3
Kd6 34. Qxe4 dxe4 35. Re1 f5 36. Rd1+ Ke7 37. Kg3 Rc2 0-1

[Event "OLSW 2122 SF Heidesheim - SC GEMA St. I"]
[Site "?"]
[Date "2022.05.15"]
[Round "3.2"]
[White "Perske, Thore"]
[Black "Zengerle, Tobias"]
[Result "1-0"]
[WhiteElo "2443"]
[BlackElo "1957"]
[PlyCount "51"]
[EventDate "2022.??.??"]

1. e4 c6 2. d4 d5 3. e5 Bf5 4. Nf3 e6 5. Be2 c5 6. O-O Nd7 7. c4 Ne7 8. Na3
dxc4 9. Nxc4 Nd5 10. Bg5 f6 11. exf6 gxf6 12. Bh4 Be7 13. Bg3 N7b6 14. Nh4 Bg6
15. dxc5 Bxc5 16. Nxg6 hxg6 17. Qc2 Rh6 18. Ne5 Rc8 19. Bb5+ Kf8 20. Ng4 Kg7
21. Nxh6 Kxh6 22. Qe2 e5 23. Rac1 Bd4 24. Bd3 Na4 25. Bxg6 Kxg6 26. Qg4+ 1-0

[Event "OLSW 2122 SF Heidesheim - SC GEMA St. I"]
[Site "?"]
[Date "2022.05.15"]
[Round "3.3"]
[White "Joeres, Roman"]
[Black "Hinrichs, Paul"]
[Result "1/2-1/2"]
[WhiteElo "1863"]
[BlackElo "2244"]
[PlyCount "85"]
[EventDate "2022.??.??"]

1. d4 d5 2. c4 c6 3. e3 Nf6 4. Nf3 e6 5. b3 Nbd7 6. Bd3 Bd6 7. Bb2 O-O 8. O-O
Re8 9. Qe2 dxc4 10. bxc4 e5 11. dxe5 Nxe5 12. Nxe5 Bxe5 13. Bxe5 Rxe5 14. Nc3
Bg4 15. Qc2 Qc7 16. Ne4 Nxe4 17. Bxe4 Rh5 18. g3 Rd8 19. Rab1 Rh6 20. Qb2 b6
21. f3 f5 22. fxg4 fxe4 23. Rf4 Qe7 24. Rbf1 c5 25. Qc2 Rd3 26. g5 Rhd6 27. Qf2
Rd8 28. Rf7 Qe8 29. Rxa7 R8d7 30. Rxd7 Rxd7 31. Qf5 Rd2 32. Rf4 g6 33. Qf6 Rxa2
34. Qxb6 Qe7 35. Qc6 Rd2 36. Rxe4 Qxg5 37. Qe8+ Kg7 38. Qe5+ Qxe5 39. Rxe5 Re2
40. Rxc5 Rxe3 41. Rc7+ Kf6 42. Rxh7 Re2 43. Rh4 1/2-1/2

[Event "OLSW 2122 SF Heidesheim - SC GEMA St. I"]
[Site "?"]
[Date "2022.05.15"]
[Round "3.4"]
[White "Lantzsch, Christian"]
[Black "Friedrich, Elias"]
[Result "1-0"]
[WhiteElo "2207"]
[BlackElo "1766"]
[PlyCount "83"]
[EventDate "2022.??.??"]

1. d4 d5 2. Nf3 Nf6 3. e3 c6 4. c4 Bg4 5. Nc3 e6 6. Qb3 Qb6 7. Ne5 Qxb3 8. axb3
Bf5 9. f3 Bc2 10. Bd3 Bxb3 11. c5 a5 12. Nb1 Nfd7 13. Nxd7 Nxd7 14. Nd2 Bc4 15.
Bxc4 dxc4 16. Nxc4 Be7 17. Rxa5 O-O 18. Ke2 e5 19. Bd2 exd4 20. exd4 Bf6 21.
Kd3 Rad8 22. Bc3 Ne5+ 23. Nxe5 Bxe5 24. Kc4 Bf6 25. b4 b5+ 26. cxb6 Rb8 27. Ra6
Rfc8 28. Re1 Kf8 29. Bd2 g5 30. h4 h6 31. hxg5 hxg5 32. Re4 Bd8 33. Kc5 Be7+
34. Rxe7 Kxe7 35. Bxg5+ Ke6 36. Ra7 Kf5 37. Be7 Ke6 38. Bg5 Kf5 39. Bh4 Rh8 40.
g4+ Kg6 41. Bg3 Rbd8 42. b7 1-0

[Event "OLSW 2122 SF Heidesheim - SC GEMA St. I"]
[Site "?"]
[Date "2022.05.15"]
[Round "3.5"]
[White "Hoefer, Michael"]
[Black "Siegismund, Annelen"]
[Result "1/2-1/2"]
[WhiteElo "1534"]
[BlackElo "2136"]
[PlyCount "45"]
[EventDate "2022.??.??"]

1. d4 Nf6 2. c4 e6 3. Nf3 b6 4. Bg5 h6 5. Bf4 Bb7 6. Nc3 Bb4 7. a3 Bxc3+ 8.
bxc3 O-O 9. h4 d5 10. cxd5 Nxd5 11. Qc1 Nxf4 12. Qxf4 Qd6 13. Qd2 c5 14. Rh3
Nd7 15. Rg3 Nf6 16. dxc5 Qxd2+ 17. Nxd2 bxc5 18. c4 Bc6 19. Rb3 Rfd8 20. f3 Rd7
21. Rab1 Rad8 22. R3b2 Ba4 23. e3 1/2-1/2

[Event "OLSW 2122 SF Heidesheim - SC GEMA St. I"]
[Site "?"]
[Date "2022.05.15"]
[Round "3.8"]
[White "Plaumann, Arvin"]
[Black "Baus, Christian"]
[Result "1/2-1/2"]
[WhiteElo "1657"]
[BlackElo "2091"]
[PlyCount "74"]
[EventDate "2022.??.??"]

1. d4 e6 2. Nf3 d5 3. g3 Bd6 4. Bg2 f5 5. O-O Nf6 6. Bf4 O-O 7. c4 c6 8. Qc2
Ne4 9. Nc3 Bxf4 10. gxf4 Nd7 11. e3 b6 12. cxd5 cxd5 13. Rfc1 Bb7 14. b4 Qe7
15. Qb2 Rfc8 16. a4 Nd6 17. Nd2 Nc4 18. Nxc4 Rxc4 19. Na2 Rac8 20. Rxc4 Rxc4
21. Bf1 Rc7 22. Rc1 Nf6 23. Rxc7 Qxc7 24. Qc3 Qxc3 25. Nxc3 Ne4 26. Nb5 a5 27.
bxa5 bxa5 28. f3 Nd2 29. Be2 Bc6 30. Kf2 Kf7 31. Ke1 Nc4 32. Bxc4 dxc4 33. e4
Ke7 34. Nc3 Kd6 35. Kd2 h6 36. h4 Be8 37. Ke3 Bd7 1/2-1/2

[Event "OLSW 2122 SK Gau-Algesheim - SV Speyer "]
[Site "?"]
[Date "2022.05.15"]
[Round "3.6"]
[White "Grieb, Lukas"]
[Black "Gellendin, Ingo"]
[Result "1-0"]
[WhiteElo "1802"]
[BlackElo "2089"]
[PlyCount "85"]
[EventDate "2022.??.??"]

1. e4 c6 2. d4 d5 3. Nc3 dxe4 4. Nxe4 Nf6 5. Ng3 h5 6. Bc4 h4 7. N3e2 Bg4 8. c3
e6 9. f3 Bf5 10. Nf4 Bd6 11. Nge2 Nbd7 12. Bd3 Bxd3 13. Nxd3 Qc7 14. f4 c5 15.
O-O h3 16. g3 Qc6 17. Ne1 O-O-O 18. Qd3 g6 19. Qf3 Nd5 20. Bd2 Qb6 21. b4 c4
22. Nc2 Qc7 23. a4 N7f6 24. Na3 Kd7 25. Nb5 Qb6 26. Nxd6 Qxd6 27. Kh1 Rc8 28.
Ng1 Rh7 29. Qe2 Ke7 30. Nf3 Kf8 31. Ne5 Qc7 32. Rae1 b6 33. Kg1 Kg7 34. Qf3 Kh8
35. g4 Ne8 36. f5 gxf5 37. gxf5 Nd6 38. fxe6 Rg7+ 39. Kh1 fxe6 40. Rg1 Rxg1+
41. Rxg1 Qd8 42. Ng6+ Kg7 43. Nf8+ 1-0

[Event "OLSW 2122 SK Landau - Turm Illingen"]
[Site "?"]
[Date "2022.05.15"]
[Round "3.1"]
[White "Mayer, Frank"]
[Black "Lang, Torsten"]
[Result "1/2-1/2"]
[WhiteElo "2289"]
[BlackElo "2296"]
[PlyCount "30"]
[EventDate "2022.??.??"]

1. c4 g6 2. g3 Bg7 3. Bg2 Nf6 4. Nc3 O-O 5. Nf3 c6 6. O-O d6 7. d3 Qa5 8. e4 a6
9. Bd2 Qh5 10. Ng5 Qxd1 11. Rfxd1 e5 12. f4 Bg4 13. Nf3 Nbd7 14. h3 Bxf3 15.
Bxf3 Nc5 1/2-1/2

[Event "OLSW 2122 SK Landau - Turm Illingen"]
[Site "?"]
[Date "2022.05.15"]
[Round "3.2"]
[White "Leuranguer, Yannick"]
[Black "Biehler, Thomas"]
[Result "1/2-1/2"]
[WhiteElo "2239"]
[BlackElo "2239"]
[PlyCount "70"]
[EventDate "2022.??.??"]

1. e4 c5 2. c3 Nf6 3. e5 Nd5 4. d4 cxd4 5. cxd4 Nc6 6. Nf3 d6 7. Bc4 Nb6 8. Bb5
dxe5 9. Nxe5 Bd7 10. Nxd7 Qxd7 11. Nc3 e6 12. O-O Be7 13. Qg4 O-O 14. Bxc6 bxc6
15. Bh6 Bf6 16. Rfd1 Kh8 17. Ne4 Rg8 18. Nxf6 gxf6 19. Qh4 Nd5 20. Rd3 f5 21.
Bg5 Rg6 22. Rg3 Rb8 23. b3 Rbg8 24. Rd1 f6 25. Bc1 Qf7 26. f3 Rxg3 27. hxg3 Qg6
28. Re1 Re8 29. a3 Kg8 30. Kh2 e5 31. dxe5 fxe5 32. Qc4 Re7 33. Bb2 e4 34. fxe4
Rxe4 35. Rxe4 fxe4 1/2-1/2

[Event "OLSW 2122 SK Landau - Turm Illingen"]
[Site "?"]
[Date "2022.05.15"]
[Round "3.3"]
[White "Giese, Tilman"]
[Black "Silber, Henning"]
[Result "0-1"]
[WhiteElo "1988"]
[BlackElo "2284"]
[PlyCount "56"]
[EventDate "2022.??.??"]

1. Nf3 d5 2. g3 e6 3. Bg2 c5 4. O-O Nf6 5. d3 Nc6 6. Nbd2 Be7 7. e4 b6 8. Re1
Bb7 9. e5 Nd7 10. h4 h6 11. Nf1 Qc7 12. Qe2 Nd4 13. Nxd4 cxd4 14. Nh2 Rc8 15.
Nf3 Qxc2 16. Qxc2 Rxc2 17. Nxd4 Rc8 18. Nf3 Ba6 19. Rd1 Nc5 20. Bf1 Kd7 21. Be3
Na4 22. Bd4 Rc7 23. Rac1 Rhc8 24. Rxc7+ Rxc7 25. b3 Nc3 26. Rd2 Nb5 27. Kg2 Bb4
28. Rb2 Nxd4 0-1

[Event "OLSW 2122 SK Landau - Turm Illingen"]
[Site "?"]
[Date "2022.05.15"]
[Round "3.4"]
[White "Schmidt, Justus"]
[Black "Hauer, Andreas"]
[Result "1-0"]
[WhiteElo "2173"]
[BlackElo "1874"]
[PlyCount "63"]
[EventDate "2022.??.??"]

1. e4 c5 2. Nf3 e6 3. d3 Nc6 4. g3 g6 5. Bg2 Bg7 6. O-O Nge7 7. c3 O-O 8. Re1
d6 9. d4 cxd4 10. cxd4 d5 11. e5 Nf5 12. Nc3 a6 13. b3 b5 14. Bf4 h6 15. h4 Bd7
16. Qd2 Kh7 17. Bf1 f6 18. Kg2 fxe5 19. dxe5 Rc8 20. Rac1 Qe7 21. Bd3 Qb4 22.
Bb1 Ncd4 23. Nxd4 Qxd4 24. Qxd4 Nxd4 25. h5 Be8 26. Red1 Nf5 27. Ne2 Rxc1 28.
Rxc1 gxh5 29. Nd4 Bd7 30. Rc7 Rf7 31. Nxf5 exf5 32. Rxd7 1-0

[Event "OLSW 2122 SK Landau - Turm Illingen"]
[Site "?"]
[Date "2022.05.15"]
[Round "3.5"]
[White "Feidt, Jonas"]
[Black "Bruch, Jochen"]
[Result "1-0"]
[WhiteElo "1626"]
[BlackElo "2193"]
[PlyCount "143"]
[EventDate "2022.??.??"]

1. c4 Nf6 2. g3 e6 3. Bg2 c5 4. Nf3 Be7 5. O-O O-O 6. b3 d6 7. Bb2 Bd7 8. e3
Nc6 9. Nc3 Be8 10. d4 cxd4 11. Nxd4 Rc8 12. Nc2 a6 13. e4 Qc7 14. Ne3 Qb8 15.
Qe2 Bd7 16. Rfd1 Rfd8 17. Rac1 Na7 18. Nb1 b5 19. Nd2 Nc6 20. f4 Qb6 21. Kh1
Be8 22. h3 h6 23. Nb1 Na5 24. Bd4 Qb8 25. Bc3 Qc7 26. cxb5 Bxb5 27. Qd2 Nxb3
28. axb3 Qb8 29. Ba5 Re8 30. Nc3 Bc6 31. b4 Qb7 32. Qd3 Nh5 33. Kh2 Bb5 34.
Nxb5 axb5 35. Qe2 g6 36. e5 d5 37. Bf1 Qa7 38. Ng4 Rc4 39. Qf2 Bc5 40. bxc5
Qxa5 41. Bxc4 bxc4 42. Ra1 Qc7 43. Rdb1 Rc8 44. Rb5 Ng7 45. Nxh6+ Kh7 46. Ng4
Nf5 47. Nf6+ Kg7 48. Rab1 d4 49. Ne4 Ne3 50. Rb7 Qc6 51. Ng5 Rc7 52. Rxc7 Qxc7
53. Ne4 Qc6 54. Qf3 c3 55. Ng5 Nd5 56. Qd3 Qxc5 57. Nf3 Qa3 58. Nxd4 Qa2+ 59.
Qc2 Qc4 60. Qf2 Qd3 61. Nc2 Qe4 62. Rc1 Qd3 63. Nd4 Ne3 64. Ne2 c2 65. Ng1 g5
66. fxg5 Kg6 67. Qf6+ Kh7 68. Qxf7+ Kh8 69. Qf2 Kg7 70. Nf3 Nd1 71. Qxc2 Qxf3
72. Rxd1 1-0

[Event "OLSW 2122 SK Landau - Turm Illingen"]
[Site "?"]
[Date "2022.05.15"]
[Round "3.6"]
[White "Lang, Matthias"]
[Black "Hoppstaedter, Daniel"]
[Result "1/2-1/2"]
[WhiteElo "2171"]
[BlackElo "1973"]
[PlyCount "56"]
[EventDate "2022.??.??"]

1. d4 Nf6 2. Nf3 c5 3. c3 d5 4. Bf4 cxd4 5. cxd4 Bf5 6. Nc3 e6 7. e3 a6 8. a3
Be7 9. Be2 h6 10. h3 O-O 11. O-O Nbd7 12. Qb3 Qb6 13. Qa2 Rac8 14. Rfc1 Ne4 15.
Nxe4 Bxe4 16. Nd2 Bg6 17. Qb3 Bc2 18. Qxb6 Nxb6 19. Kf1 Rc6 20. Nf3 f6 21. Ke1
Rfc8 22. Kd2 Na4 23. Ne1 Bh7 24. Rxc6 Rxc6 25. b4 Nc3 26. f3 Nb1+ 27. Kd1 a5
28. Bd3 Nc3+ 1/2-1/2

[Event "OLSW 2122 SK Landau - Turm Illingen"]
[Site "?"]
[Date "2022.05.15"]
[Round "3.7"]
[White "Aubertin, Tim"]
[Black "Bold, Andre"]
[Result "0-1"]
[WhiteElo "1920"]
[BlackElo "2146"]
[PlyCount "73"]
[EventDate "2022.??.??"]

1. d4 Nf6 2. Bf4 d5 3. c3 c5 4. e3 Nc6 5. Bd3 Qb6 6. Qb3 c4 7. Qxb6 axb6 8. Bc2
e6 9. Nf3 b5 10. b3 b4 11. O-O b5 12. Ne5 Bb7 13. Nxc6 Bxc6 14. f3 bxc3 15.
Nxc3 Ba3 16. Rab1 b4 17. Na4 Bxa4 18. bxa4 Kd7 19. e4 Kc6 20. Be5 Ne8 21. Rfe1
h5 22. Bf4 Nd6 23. Bxd6 Kxd6 24. exd5 exd5 25. Re5 Rhe8 26. f4 f6 27. Rxe8 Rxe8
28. Kf2 g5 29. g3 gxf4 30. gxf4 Rg8 31. Bf5 Re8 32. Kf3 Re7 33. Bc2 Ra7 34. Kf2
h4 35. Kf3 Re7 36. Bf5 Kc6 37. Bh7 0-1

[Event "OLSW 2122 SK Landau - Turm Illingen"]
[Site "?"]
[Date "2022.05.15"]
[Round "3.8"]
[White "Hirschinger, Thomas"]
[Black "Zimmer, Luca"]
[Result "1-0"]
[WhiteElo "2011"]
[BlackElo "1709"]
[PlyCount "81"]
[EventDate "2022.??.??"]

1. e4 e6 2. d4 d5 3. e5 c5 4. c3 Nc6 5. Be3 Bd7 6. Nf3 Qc7 7. Be2 Be7 8. O-O f6
9. exf6 Nxf6 10. h3 O-O 11. Re1 c4 12. Nbd2 b5 13. Bf1 b4 14. Bg5 Nd8 15. Ne5
Bc8 16. Ndf3 Ne4 17. Bxe7 Qxe7 18. Qc2 a5 19. Nxc4 Ba6 20. Ncd2 Nxd2 21. Qxd2
Bxf1 22. Kxf1 Nb7 23. Qe2 Rf6 24. c4 Qd7 25. Ne5 Qd8 26. c5 Qc8 27. Kg1 Nd8 28.
Qb5 Ra6 29. Nd7 Rf7 30. Nb6 Qc7 31. Re3 h6 32. Rae1 Re7 33. Qd3 Ra7 34. Qg6 Qc6
35. f4 Rab7 36. f5 exf5 37. Qxf5 Rxe3 38. Rxe3 Rxb6 39. cxb6 Qc1+ 40. Kf2 Qxb2+
41. Kg3 1-0

[Event "OLSW 2122 SC Caissa Schwarzenbach - SK "]
[Site "?"]
[Date "2022.05.15"]
[Round "3.1"]
[White "Fulea, Dan"]
[Black "Jeschke, Jan"]
[Result "1/2-1/2"]
[WhiteElo "2215"]
[BlackElo "2130"]
[PlyCount "84"]
[EventDate "2022.??.??"]

1. e4 e6 2. d3 d5 3. Nd2 Nf6 4. Ngf3 c5 5. g3 Nc6 6. Bg2 Be7 7. O-O O-O 8. e5
Nd7 9. Re1 b5 10. Nf1 a5 11. a3 a4 12. h4 c4 13. d4 b4 14. c3 bxc3 15. bxc3 Qa5
16. Qc2 Rb8 17. Ng5 g6 18. Re3 Na7 19. f4 Rb3 20. Nd2 Nb5 21. Nxb3 axb3 22. Qd2
Nb6 23. g4 Na4 24. f5 Nxd4 25. cxd4 b2 26. Rb1 c3 27. Rxc3 Qxc3 28. Rxb2 Bxa3
29. Rc2 Bxc1 30. Qxc1 Qxd4+ 31. Kh1 Nb6 32. Nf3 Qxg4 33. f6 Qh5 34. Qf4 Nc4 35.
Re2 Bb7 36. Ng1 g5 37. Qxg5+ Qxg5 38. hxg5 Rd8 39. Kh2 d4 40. Bxb7 d3 41. Ra2
Nxe5 42. Nf3 Nxf3+ 1/2-1/2

[Event "OLSW 2122 SC Caissa Schwarzenbach - SK "]
[Site "?"]
[Date "2022.05.15"]
[Round "3.2"]
[White "Uhrig, Christian"]
[Black "Syska, Albert"]
[Result "1-0"]
[WhiteElo "2041"]
[BlackElo "2190"]
[PlyCount "73"]
[EventDate "2022.??.??"]

1. e4 c5 2. Nf3 Nc6 3. Bb5 Nf6 4. Qe2 g6 5. Bxc6 dxc6 6. b3 Bg7 7. Bb2 O-O 8.
d3 a5 9. a4 b6 10. Nbd2 h6 11. O-O Be6 12. Rab1 Ra7 13. Nc4 b5 14. Ncd2 Rb7 15.
Ba3 Nd7 16. Qe3 Qb6 17. axb5 cxb5 18. Bb2 Bxb2 19. Rxb2 Kh7 20. Rbb1 Ra8 21.
Nh4 f6 22. f4 Bf7 23. Nhf3 a4 24. bxa4 Rxa4 25. Kh1 Ra2 26. Rfc1 Kg7 27. h3 e5
28. fxe5 fxe5 29. Nh4 Qf6 30. Qg3 Qg5 31. Qf2 Qf6 32. Qg3 Qg5 33. Qf2 Qf4 34.
Qxf4 exf4 35. Nhf3 Kf6 36. e5+ Nxe5 37. Ne4+ 1-0

[Event "OLSW 2122 SC Caissa Schwarzenbach - SK "]
[Site "?"]
[Date "2022.05.15"]
[Round "3.4"]
[White "Gress, Alexander"]
[Black "Louis, Volker"]
[Result "1-0"]
[WhiteElo "2111"]
[BlackElo "2070"]
[PlyCount "59"]
[EventDate "2022.??.??"]

1. e4 d6 2. d4 Nf6 3. Nc3 g6 4. Be3 Bg7 5. Qd2 O-O 6. f3 e5 7. Nge2 exd4 8.
Nxd4 d5 9. e5 Nh5 10. g4 c5 11. gxh5 cxd4 12. Bxd4 Qh4+ 13. Bf2 Qxh5 14. f4 Bg4
15. Rg1 Nc6 16. h3 Bf3 17. Rg5 Qh6 18. Rg3 Bh5 19. Nxd5 Rad8 20. Be3 Rfe8 21.
Bb5 g5 22. Rxg5 Bf3 23. Bxc6 bxc6 24. Nf6+ Kh8 25. Nxe8 Rxe8 26. Qd7 Rf8 27.
Kf2 Bd5 28. Rag1 Qh4+ 29. R1g3 Rg8 30. Rxg7 1-0

[Event "OLSW 2122 SC Caissa Schwarzenbach - SK "]
[Site "?"]
[Date "2022.05.15"]
[Round "3.5"]
[White "Tresch, Lukas"]
[Black "Forthoffer, Patrick"]
[Result "1-0"]
[WhiteElo "2073"]
[BlackElo "2128"]
[PlyCount "47"]
[EventDate "2022.??.??"]

1. e4 Nc6 2. Nf3 d6 3. d4 Nf6 4. Nc3 g6 5. Be2 Bg7 6. d5 Nb8 7. Be3 O-O 8. Qd2
c6 9. Bh6 Bxh6 10. Qxh6 Qb6 11. O-O-O Ng4 12. Qh4 Nf6 13. h3 Nbd7 14. g4 cxd5
15. g5 Nh5 16. Nxd5 Qd8 17. Nh2 Ng7 18. Ng4 Nb6 19. Ngf6+ exf6 20. Nxf6+ Qxf6
21. gxf6 Ne8 22. Bg4 Be6 23. f4 Nd7 24. f5 1-0

[Event "OLSW 2122 SC Caissa Schwarzenbach - SK "]
[Site "?"]
[Date "2022.05.15"]
[Round "3.6"]
[White "Holle, Cedric"]
[Black "Herzel, Dieter"]
[Result "1-0"]
[WhiteElo "2114"]
[BlackElo "2046"]
[PlyCount "75"]
[EventDate "2022.??.??"]

1. e4 c5 2. Nf3 d6 3. d4 cxd4 4. Nxd4 Nf6 5. Nc3 g6 6. Be3 a6 7. f3 Nbd7 8. Qd2
b5 9. g4 h6 10. O-O-O Bb7 11. a3 Rc8 12. Kb1 Nb6 13. h4 Bg7 14. h5 g5 15. Nf5
Rg8 16. Bxg5 hxg5 17. Nxg7+ Rxg7 18. h6 Rh7 19. Qxg5 Rxc3 20. bxc3 Qc7 21. Qe3
Na4 22. c4 bxc4 23. g5 Bxe4 24. gxf6 Qb7+ 25. Kc1 c3 26. Rd4 Qb2+ 27. Kd1 Qb1+
28. Ke2 Qxc2+ 29. Ke1 Qb1+ 30. Kf2 Qb2+ 31. Kg3 Rh8 32. Qxe4 e6 33. Qa8+ Kd7
34. Qa7+ Kc6 35. Qxa6+ Nb6 36. Rc4+ Kd5 37. Qa5+ Qb5 38. Qxb5# 1-0

[Event "OLSW 2122 SC Caissa Schwarzenbach - SK "]
[Site "?"]
[Date "2022.05.15"]
[Round "3.7"]
[White "Neb, Roland"]
[Black "Buermann, Jan"]
[Result "1/2-1/2"]
[WhiteElo "2180"]
[BlackElo "2103"]
[PlyCount "78"]
[EventDate "2022.??.??"]

1. e4 c5 2. c3 Nf6 3. e5 Nd5 4. d4 cxd4 5. Nf3 d6 6. cxd4 dxe5 7. Nxe5 e6 8.
Bc4 Bb4+ 9. Bd2 Qa5 10. O-O Bxd2 11. Nxd2 O-O 12. Ne4 Nd7 13. Qh5 N7f6 14. Qh4
Nxe4 15. Qxe4 Nf6 16. Qh4 Bd7 17. Rfe1 Bb5 18. Bb3 Ba4 19. Re3 Bxb3 20. Rxb3
Qd5 21. Rg3 Ne4 22. Rh3 h6 23. Rd1 Rad8 24. Ng4 Ng5 25. Rg3 Qf5 26. f4 Rxd4 27.
Nxh6+ gxh6 28. Rxd4 Qb1+ 29. Kf2 Qxb2+ 30. Ke3 Qc3+ 31. Ke2 Qxd4 32. Qxh6 Qe4+
33. Kf2 Qxf4+ 34. Ke2 Qe4+ 35. Kf2 Qc2+ 36. Ke1 Qc1+ 37. Ke2 Qc2+ 38. Ke1 Qc1+
39. Ke2 Qc2+ 1/2-1/2

[Event "OLSW 2122 SC Caissa Schwarzenbach - SK "]
[Site "?"]
[Date "2022.05.15"]
[Round "3.8"]
[White "Busemann, Stephan"]
[Black "Stein, Daniel"]
[Result "1-0"]
[WhiteElo "2076"]
[BlackElo "1946"]
[PlyCount "75"]
[EventDate "2022.??.??"]

1. e4 e5 2. Nf3 Nf6 3. Nc3 Bb4 4. Bc4 O-O 5. O-O Bxc3 6. dxc3 Nxe4 7. Re1 Nd6
8. Bg5 Qe8 9. Rxe5 Nxc4 10. Rxe8 Rxe8 11. Qd4 Nb6 12. Re1 Rxe1+ 13. Nxe1 d6 14.
Qe4 h6 15. Qe8+ Kh7 16. Qxf7 hxg5 17. Qh5+ Kg8 18. Nf3 N8d7 19. Nxg5 Nf6 20.
Qf7+ Kh8 21. Qxc7 d5 22. Qd8+ Ng8 23. Nf7+ Kh7 24. Ng5+ Kh8 25. Qd6 Bf5 26. Qe5
Bg6 27. f4 Re8 28. Qd6 Nf6 29. h3 Bxc2 30. g4 Re1+ 31. Kg2 Nc4 32. Qf8+ Ng8 33.
f5 Re7 34. b3 Re2+ 35. Kg1 Ne3 36. Ne6 Re1+ 37. Kf2 Rf1+ 38. Kxe3 1-0

[Event "OLSW 2122 SC GEMA St. Ingbert - SV Spey"]
[Site "?"]
[Date "2022.06.12"]
[Round "4.1"]
[White "Berend, Fred"]
[Black "Zengerle, Tobias"]
[Result "1-0"]
[WhiteElo "2315"]
[BlackElo "1957"]
[PlyCount "151"]
[EventDate "2022.??.??"]

1. e4 c5 2. Nf3 Nc6 3. Bb5 g6 4. O-O Bg7 5. c3 a6 6. Bxc6 dxc6 7. h3 e5 8. d3
Ne7 9. Na3 O-O 10. Be3 b6 11. Nc4 Qc7 12. b4 b5 13. Na5 cxb4 14. cxb4 Rd8 15.
Rc1 Be6 16. Ng5 Bxa2 17. Qc2 h6 18. Qxa2 hxg5 19. Rc3 Bf6 20. Qd2 Rd7 21. Ra1
Kg7 22. Nb3 Rd6 23. Ra5 Nc8 24. Nc5 Nb6 25. Qa2 Qc8 26. Rca3 g4 27. Rxa6 Rxa6
28. Rxa6 Na4 29. Ra7 Qe8 30. Nxa4 bxa4 31. hxg4 Rd7 32. Qxa4 Rxa7 33. Qxa7 Qd8
34. Qa6 Be7 35. Qc4 Qd7 36. f3 Qb7 37. Bc5 Qd7 38. Qc3 Bxc5+ 39. bxc5 Qe7 40.
d4 exd4 41. Qxd4+ Kg8 42. g3 Qg5 43. Kg2 Qc1 44. Kf2 Qc2+ 45. Kg1 Qe2 46. Qf2
Qd1+ 47. Kg2 Qc1 48. Kh2 Qh6+ 49. Kg1 Qc1+ 50. Kg2 Qd1 51. Qa2 Kg7 52. Qb2+ Kg8
53. g5 Qd3 54. Kf2 Qd1 55. Qb8+ Kg7 56. Qe5+ Kg8 57. Qe8+ Kg7 58. Qxc6 Qd2+ 59.
Kf1 Qd1+ 60. Kg2 Qd2+ 61. Kh3 Qxg5 62. Qd5 Qe3 63. e5 Qe1 64. Qd4 Qh1+ 65. Kg4
Qh5+ 66. Kf4 Qf5+ 67. Ke3 Qe6 68. Qc3 Qc6 69. g4 Kf8 70. Qd4 Qb7 71. Kf4 Qb1
72. Qc3 Ke7 73. c6 Kd8 74. Qd2+ Kc8 75. Qd7+ Kb8 76. c7+ 1-0